000 00908nmm a2200289 a 4500
001 ocm000595817
003 TR-IsHL
005 20201028130224.0
008 130927s2007 tu tur
007 cr cn
020 _a9789759181550
035 _a595817
_b(N$T)
050 0 4 _aPA3855.T9
_bA4 2007
090 0 4 _aPA3855.T9
_bA4 2007
100 1 _aAisopos
245 1 0 _aEzop masalları
_h[electronic resource] /
_cAisopos ; yay.haz. Aslı Berrak
250 _a1. bs.
260 _aİstanbul :
_bParıltı Yayıncılık,
_c2007
300 _a80 p.
650 4 _aDil ve Edebiyat
650 4 _aLanguage and Literature
650 0 _aMasal, Yunan
650 0 _aFairy tales, Greek
650 7 _aJUVENILE FICTION / Legends, Myths, Fables / Greek & Roman
_2bisacsh
700 1 _aBerrak, Aslı
856 4 0 _uhttp://search.ebscohost.com/login.aspx?direct=true&scope=site&db=e011xww&AN=595817
999 _c3905
_d3905